A wayfarer in Egypt /
Main Author:
Format: Book
Language: English
Published:
London :
Methen & Co. ltd,
[1930].
Edition: 3rd ed.
Subjects:
Tags: Add Tag
Call Number: DT55 .Q5 1930
| LEADER | 00749namaa2200241 4500 | ||
|---|---|---|---|
| 001 | 18953 | ||
| 003 | OSt | ||
| 005 | 20260329093604.0 | ||
| 008 | 130303s1930 enkbf 000 0deng d | ||
| 010 | |a 6022003 | ||
| 040 | |c ARCE Library | ||
| 043 | |a f-ua--- | ||
| 050 | 4 | |a DT55 .Q5 1930 | |
| 100 | 1 | |a Quibell, A. A., |q (Annie Abernethie), |d -1927, |e author | |
| 245 | 1 | 2 | |a A wayfarer in Egypt / |c by Annie A. Quibell, with sixteen illustrations and a map. |
| 250 | |a 3rd ed. | ||
| 264 | 1 | |a London : |b Methen & Co. ltd, |c [1930]. | |
| 300 | |a xi, 206 pages, 1 leaf frontispiece : |b xv plates, maps ; |c 20 cm. | ||
| 500 | |a "Books recommended": p. xi. | ||
| 651 | 0 | |a Egypt |x Description and travel. | |
| 901 | |a reviewed | ||
| 942 | |c BK |2 lcc | ||
| 999 | |c 16001 |d 16001 | ||
